[Event "GBR-ch 103rd"]
[Site "Bournemouth"]
[Date "2016.08.05"]
[Round "11"]
[White "Brown, Martin"]
[Black "Adams, Michael"]
[Result "0-1"]
[WhiteElo "2252"]
[BlackElo "2727"]
[PlyCount "56"]
[EventDate "2016.07.25"]
[EventType "swiss"]
[EventRounds "11"]
[EventCountry "ENG"]
[SourceTitle "CBM 173 Extra"]
[Source "ChessBase"]
[SourceDate "2016.08.29"]
[SourceVersion "1"]
[SourceVersionDate "2016.08.29"]
[SourceQuality "1"]

1. e4 e5 2. Nf3 Nc6 3. d4 exd4 4. Nxd4 Nf6 5. Nxc6 bxc6 6. e5 Qe7 7. Qe2 Nd5 8. c4 Nb6 9. Nc3 Qe6 10. Qe4 g6 11. Bd3 Bg7 12. f4 0-0 13. 0-0 f5 14. exf6 Qxf6 15. Bd2 d5 16. Qe2 Ba6 17. Rae1 Bxc4 18. Bxc4 Nxc4 19. Bc1 a5 20. Qc2 Rae8 21. Qa4 Qd4+ 22. Kh1 Rxe1 23. Rxe1 Qf2 24. Rg1 Bd4 25. Rd1 Re8 26. h3 Re1+ 27. Kh2 Qg1+ 28. Kg3 Ne3 0-1

[Event "GBR-ch 103rd"]
[Site "Bournemouth"]
[Date "2016.08.04"]
[Round "10"]
[White "Brown, Martin"]
[Black "Payne, Matthew"]
[Result "1-0"]
[WhiteElo "2252"]
[BlackElo "2040"]
[PlyCount "55"]
[EventDate "2016.07.25"]
[EventType "swiss"]
[EventRounds "11"]
[EventCountry "ENG"]
[SourceTitle "CBM 173 Extra"]
[Source "ChessBase"]
[SourceDate "2016.08.29"]
[SourceVersion "1"]
[SourceVersionDate "2016.08.29"]
[SourceQuality "1"]

1. e4 e6 2. d4 d5 3. Nd2 Nc6 4. Ngf3 Nf6 5. e5 Nd7 6. c3 f6 7. Bb5 fxe5 8. dxe5 Be7 9. Nd4 Ndxe5 10. f4 a6 11. Qh5+ Kd7 12. Bxc6+ Nxc6 13. N2f3 Bf6 14. 0-0 Qe8 15. Qh3 Kd8 16. Nxc6+ bxc6 17. Ne5 Bxe5 18. fxe5 Bd7 19. Qh4+ Kc8 20. Be3 Rb8 21. Qa4 Kb7 22. Bc5 Bc8 23. Rf4 Ka8 24. Raf1 Qg6 25. Rf7 Qe4 26. Qxc6+ Bb7 27. Rxc7 Qc4 28. Qb6 1-0

[Event "GBR-ch 103rd"]
[Site "Bournemouth"]
[Date "2016.08.02"]
[Round "8"]
[White "Brown, Martin"]
[Black "Tan, Justin Hy"]
[Result "0-1"]
[WhiteElo "2252"]
[BlackElo "2438"]
[PlyCount "82"]
[EventDate "2016.07.25"]
[EventType "swiss"]
[EventRounds "11"]
[EventCountry "ENG"]
[SourceTitle "CBM 173 Extra"]
[Source "ChessBase"]
[SourceDate "2016.08.29"]
[SourceVersion "1"]
[SourceVersionDate "2016.08.29"]
[SourceQuality "1"]

1. e4 e5 2. Nf3 Nc6 3. d4 exd4 4. Nxd4 Bc5 5. Nb3 Bb4+ 6. c3 Be7 7. Bf4 d6 8. c4 Bf6 9. Qd2 a5 10. Nc3 Nge7 11. 0-0-0 a4 12. Na1 0-0 13. Nc2 Be6 14. Be3 Qc8 15. f4 Bxc3 16. Qxc3 f5 17. Bd3 b6 18. h3 Qa6 19. exf5 Bxf5 20. g4 Bxd3 21. Qxd3 Rad8 22. Rhf1 Kh8 23. Kb1 Qb7 24. Bd4 d5 25. f5 dxc4 26. Qxc4 b5 27. Qe2 Nd5 28. Bc5 Rfe8 29. Qg2 Nd4 30. Rf2 Nxc2 31. Rxc2 Nc3+ 32. bxc3 Rxd1+ 33. Kb2 Qxg2 34. Rxg2 Kg8 35. Ka3 Re4 36. Bd4 Rb1 37. Rd2 Ree1 38. Bf2 Red1 39. Re2 Rd3 40. Rc2 Rxc3+ 41. Rxc3 b4+ 0-1

[Event "BCF-chT1d 1516 (4NCL) Demotion pool"]
[Site "England"]
[Date "2016.04.30"]
[Round "9.182"]
[White "Rendle, Thomas E"]
[Black "Brown, Martin"]
[Result "1-0"]
[WhiteElo "2369"]
[BlackElo "2216"]
[PlyCount "43"]
[EventDate "2015.11.14"]
[EventType "team-tourn"]
[EventRounds "4"]
[EventCountry "ENG"]
[SourceTitle "EXT 2017"]
[Source "ChessBase"]
[SourceDate "2016.10.25"]
[SourceVersion "1"]
[SourceVersionDate "2016.10.25"]
[SourceQuality "1"]
[WhiteTeam "Grantham Sharks"]
[BlackTeam "White Rose II"]
[WhiteTeamCountry "ENG"]
[BlackTeamCountry "ENG"]

1. e4 e6 2. d4 d5 3. Nd2 Be7 4. e5 c5 5. c3 Nc6 6. Bd3 cxd4 7. cxd4 Qb6 8. Ndf3 Bd7 9. Ne2 Nb4 10. Bb1 Qa6 11. Nc3 Rc8 12. a3 h6 13. Ng1 Bd8 14. Nge2 Ne7 15. 0-0 Rc7 16. Be3 b5 17. Nf4 Nc8 18. Qe2 g5 19. Nh5 Nc6 20. Nxb5 Kf8 21. Bd3 Rb7 22. Nd6 1-0

[Event "Wakefield 4NCL op-A 8th"]
[Site "Wakefield"]
[Date "2016.04.02"]
[Round "2"]
[White "Brown, Martin"]
[Black "Wynarczyk, Raymond"]
[Result "1-0"]
[WhiteElo "2254"]
[BlackElo "1941"]
[PlyCount "67"]
[EventDate "2016.04.01"]
[EventType "swiss"]
[EventRounds "5"]
[EventCountry "ENG"]
[SourceTitle "CBM 171 Extra"]
[Source "ChessBase"]
[SourceDate "2016.04.26"]
[SourceVersion "1"]
[SourceVersionDate "2016.04.26"]
[SourceQuality "1"]

1. e4 e5 2. Nf3 Nc6 3. d4 exd4 4. Nxd4 Bc5 5. Nb3 Bb6 6. Nc3 Nf6 7. Qe2 d6 8. Be3 Be6 9. 0-0-0 Qe7 10. g3 Ne5 11. Bg2 Bc4 12. Qe1 0-0 13. h3 Bxe3+ 14. Qxe3 a5 15. Nd4 Be6 16. Nf5 Bxf5 17. exf5 Qd7 18. g4 h6 19. Rhg1 Rfe8 20. g5 hxg5 21. Bxb7 Qxf5 22. Bxa8 Rxa8 23. Rxg5 Qc8 24. Rdg1 g6 25. f4 Nc6 26. f5 Nh7 27. fxg6 Nxg5 28. gxf7+ Kxf7 29. Qxg5 Ne5 30. Rf1+ Ke6 31. Qf5+ Ke7 32. Nd5+ Ke8 33. Qf8+ Kd7 34. Rf7+ 1-0

[Event "BCF-chT1d 1516 (4NCL) Demotion pool"]
[Site "England"]
[Date "2016.03.20"]
[Round "8.182"]
[White "Brown, Martin"]
[Black "Toma, Katarzyna"]
[Result "1/2-1/2"]
[WhiteElo "2216"]
[BlackElo "2310"]
[PlyCount "130"]
[EventDate "2015.11.14"]
[EventType "team-tourn"]
[EventRounds "4"]
[EventCountry "ENG"]
[SourceTitle "CBM 171 Extra"]
[Source "ChessBase"]
[SourceDate "2016.04.26"]
[SourceVersion "1"]
[SourceVersionDate "2016.04.26"]
[SourceQuality "1"]
[WhiteTeam "White Rose II"]
[BlackTeam "South Wales Dragons"]
[WhiteTeamCountry "ENG"]
[BlackTeamCountry "ENG"]

1. e4 e5 2. Nf3 d6 3. d4 Nd7 4. Bc4 c6 5. a4 Be7 6. Nc3 Ngf6 7. 0-0 0-0 8. Ba2 h6 9. Re1 Re8 10. h3 Qc7 11. Be3 Nf8 12. Qd2 Be6 13. d5 Bd7 14. Qd3 Ng6 15. Nd2 c5 16. Bc4 Nh5 17. Bb5 Nhf4 18. Qf1 Rf8 19. Bxd7 Qxd7 20. Kh2 f5 21. g3 Rae8 22. exf5 Qxf5 23. Nde4 Qh5 24. g4 Qh4 25. f3 h5 26. Bf2 Qxh3+ 27. Qxh3 Nxh3 28. Kxh3 Rxf3+ 29. Kh2 hxg4 30. Rg1 Ref8 31. Rxg4 Rxf2+ 32. Nxf2 Rxf2+ 33. Kg3 Rf6 34. Ne4 Rf4 35. Rxf4 Nxf4 36. Rd1 g6 37. Kf3 Kf7 38. c3 Ke8 39. b3 Kf7 40. Rd2 Ke8 41. Rd1 Kf7 42. Nf2 Bd8 43. Nd3 Nxd3 44. Rxd3 Ba5 45. Ke4 Kg7 46. Rf3 a6 47. Kd3 b5 48. axb5 axb5 49. Ke4 b4 50. c4 Bd8 51. Rf2 Be7 52. Ra2 Kf7 53. Ra7 Kf8 54. Ra8+ Kf7 55. Rh8 Kg7 56. Rc8 Kf7 57. Rh8 Kg7 58. Rh1 Kg8 59. Kf3 Kg7 60. Kg4 Kg8 61. Ra1 Kg7 62. Ra7 Kf7 63. Ra8 Kg7 64. Re8 Kf7 65. Rh8 Kg7 1/2-1/2

[Event "BCF-chT1a 1516 (4NCL)"]
[Site "England"]
[Date "2016.03.19"]
[Round "7.112"]
[White "Hawkins, Jonathan J"]
[Black "Brown, Martin"]
[Result "1/2-1/2"]
[WhiteElo "2563"]
[BlackElo "2216"]
[PlyCount "85"]
[EventDate "2015.11.14"]
[EventType "team-tourn"]
[EventRounds "7"]
[EventCountry "ENG"]
[SourceTitle "CBM 171 Extra"]
[Source "ChessBase"]
[SourceDate "2016.04.26"]
[SourceVersion "1"]
[SourceVersionDate "2016.04.26"]
[SourceQuality "1"]
[WhiteTeam "Cheddleton"]
[BlackTeam "White Rose II"]
[WhiteTeamCountry "ENG"]
[BlackTeamCountry "ENG"]

1. d4 Nf6 2. Bg5 e6 3. e4 h6 4. Bxf6 Qxf6 5. c3 b6 6. Bd3 Bb7 7. Ne2 c5 8. 0-0 Nc6 9. e5 Qh4 10. Nd2 cxd4 11. Nf3 Qd8 12. Nexd4 Nxd4 13. cxd4 Be7 14. Qe2 0-0 15. Rac1 Rc8 16. Ba6 Rxc1 17. Rxc1 Bc6 18. Rc3 g6 19. Bb5 Bxb5 20. Qxb5 d6 21. Rc1 dxe5 22. dxe5 Bg5 23. Re1 Be7 24. h4 Qc7 25. Qa4 Rd8 26. Qf4 Kg7 27. Rc1 Qd7 28. h5 g5 29. Qc4 a5 30. g4 Bc5 31. Kg2 Qd5 32. b3 Qb7 33. Qe2 a4 34. bxa4 Rd4 35. Rc4 Rd5 36. Kg3 Qb8 37. Qe4 Qc7 38. Kg2 Qb8 39. Rc2 Qd8 40. Kf1 Qd7 41. Ke2 Qb7 42. Rc3 Qd7 43. Kf1 1/2-1/2

[Event "GBR-ch 101st"]
[Site "Aberystwyth"]
[Date "2014.07.30"]
[Round "11"]
[White "Mason, Donald"]
[Black "Brown, Martin"]
[Result "0-1"]
[WhiteElo "2167"]
[BlackElo "2194"]
[PlyCount "80"]
[EventDate "2014.07.19"]
[EventType "swiss"]
[EventRounds "11"]
[EventCountry "WLS"]
[SourceTitle "CBM 161 Extra"]
[Source "ChessBase"]
[SourceDate "2014.08.29"]
[SourceVersion "1"]
[SourceVersionDate "2014.08.29"]
[SourceQuality "1"]

1. d4 Nf6 2. c4 g6 3. Nc3 d5 4. cxd5 Nxd5 5. e4 Nxc3 6. bxc3 Bg7 7. Bc4 c5 8. Ne2 0-0 9. 0-0 Nc6 10. Be3 b6 11. Qd2 Bb7 12. Rfd1 Qc7 13. Rac1 Rad8 14. Qe1 e5 15. Bd5 Na5 16. dxe5 Bxd5 17. exd5 Bxe5 18. f4 Nc4 19. Qf2 Bd6 20. f5 Nxe3 21. Qxe3 Rfe8 22. Qf3 Bxh2+ 23. Kh1 Be5 24. Ng1 Qe7 25. Qg4 Qf6 26. c4 h5 27. Qh3 g5 28. Rf1 Kg7 29. Rce1 g4 30. Qd3 Qh4+ 31. Nh3 gxh3 32. gxh3 Bd4 33. f6+ Kh8 34. Re7 Rxe7 35. fxe7 Qxe7 36. Qf5 f6 37. d6 Qh7 38. Qf3 Rxd6 39. Re1 Rd8 40. Re4 Qg6 0-1

[Event "GBR-ch 101st"]
[Site "Aberystwyth"]
[Date "2014.07.29"]
[Round "10"]
[White "Brown, Martin"]
[Black "Fernandez, Michael"]
[Result "0-1"]
[WhiteElo "2194"]
[BlackElo "2029"]
[PlyCount "62"]
[EventDate "2014.07.19"]
[EventType "swiss"]
[EventRounds "11"]
[EventCountry "WLS"]
[SourceTitle "CBM 161 Extra"]
[Source "ChessBase"]
[SourceDate "2014.08.29"]
[SourceVersion "1"]
[SourceVersionDate "2014.08.29"]
[SourceQuality "1"]

1. e4 c5 2. Nf3 d6 3. d4 cxd4 4. Nxd4 Nf6 5. Nc3 g6 6. Be3 a6 7. f3 b5 8. Qd2 Bb7 9. g4 h6 10. g5 hxg5 11. Bxg5 Nbd7 12. 0-0-0 Rc8 13. h4 Bg7 14. Bh3 Rc4 15. Nce2 Ne5 16. Bg2 Rc5 17. b3 Qa8 18. Ng3 Nc6 19. Nxc6 Rxc6 20. Qe2 Nh5 21. Nxh5 Rxh5 22. Bh3 Qd8 23. e5 Bxe5 24. Kb1 Bc8 25. Bg4 Bxg4 26. fxg4 Rh8 27. Bc1 Qa5 28. Rd3 b4 29. Qf3 Rc5 30. Rf1 Qxa2+ 31. Kxa2 Ra5+ 0-1

[Event "GBR-ch 101st"]
[Site "Aberystwyth"]
[Date "2014.07.25"]
[Round "7"]
[White "Wadsworth, Matthew J"]
[Black "Brown, Martin"]
[Result "1/2-1/2"]
[WhiteElo "2221"]
[BlackElo "2194"]
[PlyCount "84"]
[EventDate "2014.07.19"]
[EventType "swiss"]
[EventRounds "11"]
[EventCountry "WLS"]
[SourceTitle "CBM 161 Extra"]
[Source "ChessBase"]
[SourceDate "2014.08.29"]
[SourceVersion "1"]
[SourceVersionDate "2014.08.29"]
[SourceQuality "1"]

1. c4 e5 2. g3 Nf6 3. Bg2 d5 4. cxd5 Nxd5 5. Nc3 Nb6 6. Nf3 Nc6 7. 0-0 Be7 8. a3 0-0 9. b4 Be6 10. Rb1 f6 11. d3 a5 12. b5 Nd4 13. Nd2 c6 14. bxc6 Nxc6 15. Na4 Nxa4 16. Qxa4 b5 17. Qd1 Qb6 18. Ne4 Rac8 19. Nc3 b4 20. Nd5 Qd8 21. Nxe7+ Qxe7 22. axb4 axb4 23. Bb2 Rfd8 24. e3 b3 25. Rc1 Qd7 26. Qd2 Kf7 27. Rfd1 Rc7 28. d4 exd4 29. exd4 Ne7 30. d5 Bg4 31. Rxc7 Qxc7 32. Re1 Qc5 33. Qf4 Bc8 34. Bd4 Qb4 35. Qe3 Nf5 36. Qc3 Qxc3 37. Bxc3 Bb7 38. Rd1 Ne7 39. Ba5 Rd7 40. d6 Bxg2 41. Kxg2 Nf5 42. Rb1 Nxd6 1/2-1/2

[Event "GBR-ch 101st"]
[Site "Aberystwyth"]
[Date "2014.07.20"]
[Round "2"]
[White "Hebden, Mark"]
[Black "Brown, Martin"]
[Result "1-0"]
[WhiteElo "2554"]
[BlackElo "2194"]
[PlyCount "137"]
[EventDate "2014.07.19"]
[EventType "swiss"]
[EventRounds "11"]
[EventCountry "WLS"]
[SourceTitle "CBM 161 Extra"]
[Source "ChessBase"]
[SourceDate "2014.08.29"]
[SourceVersion "1"]
[SourceVersionDate "2014.08.29"]
[SourceQuality "1"]

1. d4 Nf6 2. Bg5 g6 3. Bxf6 exf6 4. e3 d5 5. Nd2 Bg7 6. c4 0-0 7. Ne2 dxc4 8. Nxc4 Na6 9. Nc3 c5 10. d5 Rb8 11. a4 Nb4 12. Be2 f5 13. Bf3 b6 14. 0-0 Ba6 15. Qb3 Rb7 16. Rfd1 Rd7 17. Nb5 Bxb5 18. axb5 Nxd5 19. g3 h5 20. h4 Bf6 21. Qd3 Qe7 22. Bxd5 Rfd8 23. Qb3 Rxd5 24. Rxd5 Rxd5 25. Nxb6 Rd2 26. Nc4 Rd7 27. Rd1 Rxd1+ 28. Qxd1 Qe4 29. b3 f4 30. exf4 Bd4 31. Na5 Qd5 32. Qe2 Qd7 33. Nc6 Bf6 34. Qc4 Qd1+ 35. Kg2 Bd4 36. Qd5 Qc2 37. Nxd4 cxd4 38. Qd8+ Kh7 39. Qxd4 Qxb3 40. Qxa7 Qxb5 41. Qxf7+ Kh6 42. Qf8+ Kh7 43. Qe7+ Kg8 44. Qe6+ Kh7 45. Qe7+ Kg8 46. Qe4 Kf7 47. Kg1 Qc5 48. Qe5 Qc1+ 49. Kh2 Qc2 50. Qd5+ Kg7 51. Kg2 Kh7 52. Qd7+ Kg8 53. Kf3 Kf8 54. f5 gxf5 55. Qd4 Kf7 56. Kf4 Kg6 57. Qb6+ Kg7 58. Kg5 Qd2+ 59. f4 Qd3 60. Qg6+ Kh8 61. Qxh5+ Kg8 62. Qg6+ Kh8 63. Qf6+ Kg8 64. Qe6+ Kg7 65. Qf6+ Kg8 66. Kh6 Qd7 67. Kg6 Qe8+ 68. Kxf5 Qe3 69. Qe6+ 1-0

[Event "Commonwealth-ch"]
[Site "Glasgow"]
[Date "2014.07.06"]
[Round "7"]
[White "Brown, Martin"]
[Black "Grant, Jonathan"]
[Result "1/2-1/2"]
[WhiteElo "2194"]
[BlackElo "2246"]
[PlyCount "81"]
[EventDate "2014.06.30"]
[EventType "swiss"]
[EventRounds "9"]
[EventCountry "SCO"]
[SourceTitle "CBM 161 Extra"]
[Source "ChessBase"]
[SourceDate "2014.08.29"]
[SourceVersion "1"]
[SourceVersionDate "2014.08.29"]
[SourceQuality "1"]

1. e4 c6 2. d4 d5 3. e5 Bf5 4. Nf3 e6 5. Be2 Nd7 6. 0-0 Ne7 7. Nh4 Be4 8. Nd2 Nf5 9. Nxf5 Bxf5 10. Nb3 h5 11. g3 Bg6 12. Be3 Be7 13. f4 a6 14. a4 Qc7 15. a5 c5 16. dxc5 Bxc5 17. Nxc5 Nxc5 18. Bd4 Rc8 19. c3 Qe7 20. Re1 Bf5 21. b4 Ne4 22. Qa4+ Kf8 23. c4 dxc4 24. Rac1 g5 25. Rxc4 Kg7 26. Rxc8 Rxc8 27. Qa3 Nd2 28. fxg5 Qd8 29. Qe3 Rc2 30. Rd1 Nc4 31. Bxc4 Rxc4 32. Rd2 Qd5 33. Bb2 Qb5 34. g6 Re4 35. Qf2 Kxg6 36. h4 Qxb4 37. Rd4 Re1+ 38. Kh2 Qxa5 39. g4 hxg4 40. Rxg4+ Bxg4 41. Qf6+ 1/2-1/2

[Event "BCF-ch rapidplay 27th"]
[Site "Leeds"]
[Date "2013.11.23"]
[Round "2"]
[White "Ghasi, Ameet K"]
[Black "Brown, Martin"]
[Result "1-0"]
[WhiteElo "2466"]
[BlackElo "2194"]
[PlyCount "53"]
[EventDate "2013.11.23"]
[EventType "swiss (rapid)"]
[EventRounds "11"]
[EventCountry "ENG"]
[SourceTitle "CBM 157 Extra"]
[Source "ChessBase"]
[SourceDate "2013.12.19"]
[SourceVersion "1"]
[SourceVersionDate "2013.12.19"]
[SourceQuality "1"]

1. Nf3 Nf6 2. g3 g6 3. Bg2 Bg7 4. 0-0 d5 5. d4 0-0 6. Nbd2 Nc6 7. c4 dxc4 8. Nxc4 Be6 9. b3 Bd5 10. Bb2 a5 11. Ne3 Be4 12. a3 Ne8 13. Ne5 Bxg2 14. Kxg2 Nxe5 15. dxe5 c6 16. Qxd8 Rxd8 17. Rfd1 Nc7 18. Nc4 a4 19. bxa4 b5 20. Na5 Rxd1 21. Rxd1 bxa4 22. Rd7 Rb8 23. Bd4 Ne6 24. Nxc6 Rb3 25. Nxe7+ Kf8 26. Nc6 Rxa3 27. Bc5+ 1-0

[Event "GBR-ch 100th"]
[Site "Torquay"]
[Date "2013.08.08"]
[Round "10"]
[White "Lenier, Jude"]
[Black "Brown, Martin"]
[Result "1-0"]
[WhiteElo "2119"]
[BlackElo "2203"]
[PlyCount "119"]
[EventDate "2013.07.29"]
[EventType "swiss"]
[EventRounds "11"]
[EventCountry "ENG"]
[SourceTitle "CBM 155 Extra"]
[Source "ChessBase"]
[SourceDate "2013.08.26"]
[SourceVersion "1"]
[SourceVersionDate "2013.08.26"]
[SourceQuality "1"]

1. e4 e6 2. d4 d5 3. Nd2 Nc6 4. Ngf3 Nf6 5. e5 Nd7 6. c3 f6 7. Bb5 a6 8. Bxc6 bxc6 9. 0-0 Be7 10. exf6 gxf6 11. Nh4 0-0 12. Qg4+ Kh8 13. Qh3 Rg8 14. f4 Nf8 15. Ndf3 Qe8 16. f5 Qh5 17. Bf4 Bd6 18. Ne1 e5 19. dxe5 fxe5 20. Bg3 a5 21. Nd3 Qg4 22. Qxg4 Rxg4 23. Nxe5 Rxg3 24. Nf7+ Kg8 25. Nxd6 Rg4 26. Nxc8 Rxc8 27. Nf3 Rb8 28. b3 a4 29. Ne5 Re4 30. Nxc6 Rb6 31. Nb4 d4 32. Nd5 Rd6 33. Nxc7 dxc3 34. Nb5 Rc6 35. Rac1 c2 36. Na3 axb3 37. axb3 Re3 38. Rxc2 Rxc2 39. Nxc2 Rxb3 40. Nd4 Rd3 41. Nf3 Nd7 42. g4 Nf6 43. g5 Ne4 44. Kg2 Ra3 45. Rb1 Ra5 46. Re1 Nd6 47. f6 Kf8 48. Re7 Nf7 49. h4 Ra2+ 50. Kg3 Ra3 51. Kf4 Ra4+ 52. Kf5 Rb4 53. h5 Rb3 54. Nd4 Rb8 55. g6 hxg6+ 56. hxg6 Nd6+ 57. Ke5 Rb6 58. Ne6+ Kg8 59. f7+ Nxf7+ 60. gxf7+ 1-0